书目信息 |
| 题名: |
有氧训练
|
|
| 作者: | 格林·霍斯特 ;深圳市中航健身康体有限公司 | |
| 分册: | ||
| 出版信息: | 北京 北京体育大学出版社 2002 |
|
| 页数: | 218 | |
| 开本: | 26cm | |
| 丛书名: | ||
| 单 册: | ||
| 中图分类: | G883-62 | |
| 科图分类: | ||
| 主题词: | 体育 | |
| 电子资源: | ||
| ISBN: | 7-81051-728-7 | |
| 000 | 00773nam0 2200205 450 | |
| 001 | 0736480453 | |
| 005 | 20070817100800.46 | |
| 010 | @a7-81051-728-7@d¥25.00 | |
| 100 | @a20070817d km y0chiy0120 ea | |
| 101 | 0 | @achi |
| 200 | 1 | @a有氧训练@Ayou yang xun lian@e教练员手册@f(澳)格林.霍斯特@F(ao)ge lin.huo si te@g深圳市中航健身康体有限公司@Gshen zhen shi zhong hang jian shen kang ti you xian gong si |
| 210 | @a北京@c北京体育大学出版社@d2002 | |
| 215 | @a218@d26cm | |
| 517 | 1 | @a教练员手册@Ajiao lian yuan shou ce |
| 606 | 0 | @a体育 |
| 690 | @aG883-62@v3 | |
| 701 | 0 | @a格林·霍斯特@Age lin·huo si te |
| 712 | 02 | @a深圳市中航健身康体有限公司@Ashen zhen shi zhong hang jian shen kang ti you xian gong si |
| 801 | 0 | @aCN@bPFT@c20070817 |
| 905 | @a213230@dG883-62@et27@f1 | |
| 有氧训练:教练员手册/(澳)格林.霍斯特/深圳市中航健身康体有限公司.-北京:北京体育大学出版社,2002 |
| 218;26cm |
| ISBN 7-81051-728-7:¥25.00 |
| ● |
| 相关链接 |
|
|
|
|
正题名:有氧训练
索取号:G883-62/t27
 
预约/预借
| 序号 | 登录号 | 条形码 | 馆藏地/架位号 | 状态 | 备注 |
| 1 | 6901628 | 269016281 | 体育系资料室/ [索取号:G883-62/t27] | 在馆 | |
| 2 | 6901629 | 269016290 | 密集书库-体育系/ [索取号:G883-62/t27] | 在馆 | |
| 3 | 6901701 | 269017011 | 密集书库-体育系/ [索取号:G883-62/t27] | 在馆 |